[Event "Winnipeg February Sect-D"]
[Site "Winnipeg"]
[Date "2006.02.12"]
[Round "5"]
[White "Bigras, Roger"]
[Black "Booth, Kevin"]
[Result "0-1"]
[WhiteElo "1317"]
[BlackElo "1529"]
[PlyCount "122"]
[EventDate "2006.02.10"]
[EventType "swiss"]
[EventRounds "5"]
[EventCountry "CAN"]
[SourceTitle "EXT 2007"]
[Source "ChessBase"]
[SourceDate "2006.11.23"]
[SourceVersion "1"]
[SourceVersionDate "2006.11.23"]
[SourceQuality "1"]

1. e4 e5 2. Nf3 d6 3. d4 exd4 4. Nxd4 Nf6 5. Nc3 Be7 6. Be2 0-0 7. 0-0 Be6 8. Be3 Qd7 9. f4 Bg4 10. Nf3 Nc6 11. h3 Bxf3 12. Bxf3 Rfe8 13. Qd2 Bf8 14. Rad1 Rad8 15. Qf2 Qe7 16. Rfe1 g6 17. Bd2 Bg7 18. Nd5 Nxd5 19. exd5 Bd4 20. Rxe7 Bxf2+ 21. Kxf2 Nxe7 22. g4 Nc8 23. b3 Nb6 24. c4 Re7 25. f5 Kg7 26. f6+ Kxf6 27. Bc3+ Re5 28. Bxe5+ Kxe5 29. Re1+ Kf6 30. h4 Nd7 31. g5+ Kg7 32. Kg3 Ne5 33. Be2 Re8 34. Bg4 Kf8 35. a4 Nxg4 36. Rxe8+ Kxe8 37. Kxg4 a5 38. Kf4 Ke7 39. Kg4 f6 40. Kf4 f5 41. Ke3 Kd7 42. Kd4 c6 43. Ke3 cxd5 44. cxd5 Ke7 45. Kf4 Kf8 46. Ke3 Kg7 47. Kf4 h6 48. Ke3 hxg5 49. hxg5 Kf7 50. Kd3 Ke7 51. Kd4 Kd7 52. Kc4 Kc7 53. Kd4 Kb6 54. Kc4 Ka6 55. Kd4 b5 56. Kc3 b4+ 57. Kd4 Kb6 58. Kc4 f4 59. Kd4 f3 60. Ke3 Kc5 61. Kxf3 Kxd5 0-1

[Event "Winnipeg February Sect-D"]
[Site "Winnipeg"]
[Date "2006.02.10"]
[Round "1"]
[White "Wiebe, Daniel"]
[Black "Bigras, Roger"]
[Result "1-0"]
[WhiteElo "1016"]
[BlackElo "1317"]
[PlyCount "33"]
[EventDate "2006.02.10"]
[EventType "swiss"]
[EventRounds "5"]
[EventCountry "CAN"]
[SourceTitle "EXT 2007"]
[Source "ChessBase"]
[SourceDate "2006.11.23"]
[SourceVersion "1"]
[SourceVersionDate "2006.11.23"]
[SourceQuality "1"]

1. e4 c5 2. Nf3 e6 3. d4 cxd4 4. Nxd4 a6 5. Nf3 Qc7 6. Nc3 Nc6 7. Bd3 Nf6 8. Qe2 Bd6 9. Bg5 Ng4 10. h3 Nge5 11. 0-0-0 b5 12. Bxb5 Bb4 13. Bxc6 Bxc3 14. Bxa8 Bxb2+ 15. Kxb2 Nc4+ 16. Kc1 Qc5 17. Rd3 1-0

[Event "Winnipeg TNT January op"]
[Site "Winnipeg"]
[Date "2006.01.24"]
[Round "4"]
[White "Bigras, Roger"]
[Black "Reimer, Bruce"]
[Result "0-1"]
[WhiteElo "1282"]
[BlackElo "1479"]
[PlyCount "74"]
[EventDate "2006.01.03"]
[EventType "swiss"]
[EventRounds "5"]
[EventCountry "CAN"]
[SourceTitle "EXT 2007"]
[Source "ChessBase"]
[SourceDate "2006.11.23"]
[SourceVersion "1"]
[SourceVersionDate "2006.11.23"]
[SourceQuality "1"]

1. e4 Nf6 2. e5 Nd5 3. d4 d6 4. f4 dxe5 5. fxe5 Nc6 6. Nf3 Bg4 7. c3 e6 8. Bd3 Be7 9. 0-0 0-0 10. Qc2 h6 11. Bd2 Bxf3 12. Rxf3 Bg5 13. Rg3 Bxd2 14. Qxd2 Qh4 15. Rf3 f6 16. Na3 fxe5 17. dxe5 Rxf3 18. gxf3 Nxe5 19. Be2 Rf8 20. Rf1 Nf4 21. Kh1 Qh3 22. Rg1 Nxf3 23. Bxf3 Qxf3+ 24. Rg2 Qxg2+ 25. Qxg2 Nxg2 26. Kxg2 a6 27. Nc4 Rf5 28. Ne3 Rf6 29. Nc4 Kf7 30. Ne5+ Ke7 31. h4 Kd6 32. Nf3 e5 33. c4 e4 34. Nd2 Ke5 35. Kg3 e3 36. Nf3+ Ke4 37. Kg2 Rxf3 0-1

[Event "Winnipeg Kent Oliver Memorial"]
[Site "Winnipeg"]
[Date "2006.01.20"]
[Round "1"]
[White "Green, Jim"]
[Black "Bigras, Roger"]
[Result "1/2-1/2"]
[WhiteElo "1736"]
[BlackElo "1261"]
[PlyCount "36"]
[EventDate "2006.01.20"]
[EventType "swiss"]
[EventRounds "5"]
[EventCountry "CAN"]
[SourceTitle "EXT 2007"]
[Source "ChessBase"]
[SourceDate "2006.11.23"]
[SourceVersion "1"]
[SourceVersionDate "2006.11.23"]
[SourceQuality "1"]

1. e4 c5 2. Nf3 Nc6 3. Bb5 Qc7 4. 0-0 Nf6 5. Re1 g6 6. Bxc6 bxc6 7. c4 Ng4 8. d4 cxd4 9. Qxd4 e5 10. Qc3 d6 11. h3 Nf6 12. Bg5 Bg7 13. Qd2 h6 14. Bxf6 Bxf6 15. Nc3 Ba6 16. b3 Bg7 17. Rad1 Rd8 18. Qc2 0-0 1/2-1/2